Every OSRS Boss - Statistics

General Stats
  • This quiz has been taken 10 times
  • The average score is 37 of 89
Answer Stats
Answer % Correct
Bryophyta
67%
Callisto
67%
Cerberus
67%
Chaos Elemental
67%
Commander Zilyana
67%
Dharok the Wretched
67%
Duke Sucellus
67%
General Graardor
67%
Great Olm
67%
King Black Dragon
67%
Kree'arra
67%
K'ril Tsutsaroth
67%
Nex
67%
Obor
67%
Sarachnis
67%
Scorpia
67%
Spindel
67%
The Leviathan
67%
The Whisperer
67%
Vorkath
67%
Abyssal Sire
50%
Ahrim the Blighted
50%
Akkha
50%
Alchemical Hydra
50%
Ba-Ba
50%
Chaos Fanatic
50%
Crazy Archaeologist
50%
Crystalline Hunllef
50%
Deranged Archaeologist
50%
Giant Mole
50%
Guthan the Infested
50%
Kalphite Queen
50%
Karil the Tainted
50%
Kephri
50%
Pestilent Bloat
50%
Skotizo
50%
The Nightmare
50%
Torag the Corrupted
50%
TzKal-Zuk
50%
TzTok-Jad
50%
Vardorvis
50%
Venenatis
50%
Verac the Defiled
50%
Verzik Vitur
50%
Vet'ion
50%
Wintertodt
50%
Zebak
50%
Zulrah
50%
Amoxliatl
33%
Araxxor
33%
Artio
33%
Blood Moon
33%
Calvar'ion
33%
Corporeal Beast
33%
Corrupted Hunllef
33%
Grotesque Guardians (Dusk/Dawn)
33%
Kraken
33%
Phosani's Nightmare
33%
Scurrius
33%
Sol Heredit
33%
Sotetseg
33%
Tekton
33%
Tempoross
33%
The Hueycoatl
33%
The Maiden of Sugadinti
33%
Thermonuclear Smoke Devil
33%
Xarpus
33%
Yama
33%
Zalcano
33%
Blue Moon
17%
Dagannoth Prime
17%
Dagannoth Rex
17%
Dagannoth Supreme
17%
Doom of Mokhaiotl
17%
Eclipse Moon
17%
Hespori
17%
Muttadile
17%
Phantom Muspah
17%
Royal Titans
17%
Shellbane Gryphon
17%
Vanguard
17%
Vespula
17%
Elidinis' Warden
0%
Gemstone Crab
0%
Nylocas Vasilias
0%
Revenant Maledictus
0%
The Mimic
0%
Tumeken's Warden
0%
Vasa Nistirio
0%
No matching quizzes found
Score Distribution
Percent of People with Each Score
Percentile by Number Answered
Your Score History
You have not taken this quiz